Actas del congreso Sochel 1999: Sociedad Chilena de Estudios Literarios
Uloženo v:
| Médium: | Kniha |
|---|---|
| Jazyk: | španělština |
| Vydáno: |
Santiago
Ril
2000
|
| Témata: | |
| Tagy: |
Přidat tag
Žádné tagy, Buďte první, kdo vytvoří štítek k tomuto záznamu!
|
MARC
| LEADER | 00000nam a2200000 a 4500 | ||
|---|---|---|---|
| 001 | UCL1351 | ||
| 003 | CL-VaPUC | ||
| 005 | 20201029002245.0 | ||
| 008 | 030905e20000000cl 1 spa d | ||
| 082 | 0 | 4 | |a 807 |b ACT |2 21 |
| 245 | 1 | 0 | |a Actas del congreso Sochel 1999: Sociedad Chilena de Estudios Literarios |
| 260 | |a Santiago |b Ril |c 2000 | ||
| 300 | |a 468 p | ||
| 583 | |a last modification |c 20190822 01:42:03 |k Rodrigo Vera | ||
| 650 | 0 | 7 | |a INVESTIGACION LITERARIA |2 CL-VaPUC |9 324493 |
| 650 | 0 | 0 | |a Crítica e interpretación literaria |9 266284 |
| 650 | 0 | 7 | |a MOTIVOS LITERARIOS |2 CL-VaPUC |9 454965 |
| 942 | |c BK | ||
| 945 | |a cmena |d 20030905 00:00:00 | ||
| 546 | |a En Español | ||
| 536 | |a SOCHEL | ||
| 518 | |p Congreso SOCHEL, 1, Santiago, 1999 | ||
| 999 | |c 383898 |d 383896 | ||
| 952 | |0 0 |1 0 |4 0 |6 807_000000000000000_ACT_2000 |7 0 |8 A |9 506217 |a BIBEDU |b BIBEDU |d 2020-01-23 |i 3933113 |o 807 ACT 2000 |p 3933113 |r 2020-01-23 |w 2020-01-23 |y BK |k LIT | ||